Catalog

Record Details

Catalog Search



If God is so good, why do I hurt so bad?  Cover Image Book Book

If God is so good, why do I hurt so bad? / David B. Biebel

Biebel, B. David (Author).

Record details

  • ISBN: 0-8910-9580-2
  • Physical Description: 175 p.
  • Edition: 1st ed.
  • Publisher: Colorado Navpress 1989

Available copies

  • 1 of 1 copy available at Common Catalog SPOK.

Holds

  • 0 current holds with 1 total copy.
Show Only Available Copies
Location Call Number / Copy Notes Barcode Shelving Location Status Due Date
ETS Library 231.8 424470005891 Volný výběr Available -

LDR 00641nam a2 00241
00142031
003CZ-PrJAB
00520031121000000.0
008031121s1989 xxu e |||| |eng
009us
020 . ‡a0-8910-9580-2
035 . ‡a(CONS)4173
035 . ‡aKPS5631
041 . ‡aeng
08214. ‡a231.8
100 . ‡71119 ‡aBiebel, B. David
245 . ‡aIf God is so good, why do I hurt so bad? / ‡cDavid B. Biebel
250 . ‡a1st ed.
260 . ‡aColorado ‡bNavpress ‡c1989
300 . ‡a175 p.
653 . ‡aGod is so good, why do I hurt so bad
8524 . ‡bETS ‡bETS ‡cVolný výběr ‡j231.8 ‡gA ‡p424470005891
910 . ‡aABG450
999 . ‡a4173 ‡bAUTOGEN ‡c4173 ‡tbiblio
905 . ‡uadmin
901 . ‡a42031 ‡b ‡c42031 ‡tbiblio ‡sets

Additional Resources